Master in English grammar in 28 days / (Record no. 7058)

MARC details
000 -LEADER
fixed length control field 00526nam a22001817a 4500
003 - CONTROL NUMBER IDENTIFIER
control field OSt
005 - DATE AND TIME OF LATEST TRANSACTION
control field 20251212022223.0
008 - FIXED-LENGTH DATA ELEMENTS--GENERAL INFORMATION
fixed length control field 251212b |||||||| |||| 00| 0 eng d
020 ## - INTERNATIONAL STANDARD BOOK NUMBER
International Standard Book Number 971-93317-04.
040 ## - CATALOGING SOURCE
Original cataloging agency DWCl-Admin lib
Transcribing agency OC
082 ## - DEWEY DECIMAL CLASSIFICATION NUMBER
Classification number Fil. 425 F587m 2011
100 ## - MAIN ENTRY--PERSONAL NAME
Personal name Flauta, Romeo A.
245 ## - TITLE STATEMENT
Title Master in English grammar in 28 days /
Statement of responsibility, etc. Romeo A. Flauta
260 ## - PUBLICATION, DISTRIBUTION, ETC.
Place of publication, distribution, etc. [Manila] :
Name of publisher, distributor, etc. FPR Pub. ,
Date of publication, distribution, etc. c2011
300 ## - PHYSICAL DESCRIPTION
Extent 243 p. ;
Dimensions 21 cm.
650 ## - SUBJECT ADDED ENTRY--TOPICAL TERM
Topical term or geographic name entry element 1. English language-Grammar.
942 ## - ADDED ENTRY ELEMENTS (KOHA)
Source of classification or shelving scheme Dewey Decimal Classification
Koha item type Book-Filipiniana
Call number prefix Fil.
Suppress in OPAC No

No items available.